| 000 | 00635cam a2200169 i 4500 | ||
|---|---|---|---|
| 020 | _a0444417842 | ||
| 082 | 0 | 0 |
_a624/.1513 _bSOF _cL-37, P-26 |
| 245 | 0 | 0 |
_aSoft clay engineering / _cedited by Edward William Brand and Rolf Peter Brenner. |
| 260 |
_aAmsterdam ; _aNew York : _bElsevier Scientific Pub. Co. ; _aNew York : _bdistributors for the U.S. and Canada, Elsevier/North-Holland, _c1981. |
||
| 300 |
_a779 p. : _bill. ; _c25 cm. |
||
| 526 |
_a0 _b0 _c0 _d624_151300000000000_SOF |
||
| 650 | 0 |
_aClay. _942076 |
|
| 650 | 0 | _aEngineering geology. | |
| 700 | 1 |
_aBrand, Edward W. _942462 |
|
| 700 | 1 |
_aBrenner, R. P. _942463 |
|
| 942 |
_2ddc _cBK |
||
| 999 |
_c546347 _d546347 |
||